000 00222nam a22000857a 4500
008 161031b xxu||||| |||| 00| 0 eng d
100 _9990
_aAggarwal.M.L.
245 _aMathematics-XI
260 _aNew Delhi
_bAPC Publications
_c2011
999 _c3649
_d3649